L'amica /

Saved in:
Bibliografiske detaljer
Hovedforfatter: Cvetaeva, Marina Ivanovna (Author)
Andre forfattere: Pessina Longo, Haisa
Format: Bog
Sprog:italiensk
russisk
Udgivet: Rimini : Panozzo, 1998
Serier:Episodi ; 2
Tags: Tilføj Tag
Ingen Tags, Vær først til at tagge denne postø!

MARC

LEADER 00000nam a2200000 i 4500
001 IT\ICCU\CFI\0409708
003 ItRI
005 20260115231947.0
008 990208s1998 it |||||| ||||| |||||c
015 |2 IT  |a 99-3434 
020 |a 8886397356 
040 |b ita  |c importazione bologna sebina 
041 7 |a ita  |a rus  |2 ISO-639-2 
082 |a 891.7142  |9 Poesia russa. 1917-1945  |2 20 
100 1 |a Cvetaeva, Marina Ivanovna  |0 IT\ICCU\CFIV\001085  |4 aut 
245 1 2 |a L'amica /  |c Marina Cvetaeva ; prefazione e traduzione di Haisa Pessina Longo. 
260 |a Rimini :  |b Panozzo,  |c 1998 
300 |a 105 p. :  |b 1 ritr. ;  |c 17 cm 
500 |a Scelta di poesie 
500 |a Testo orig. a fronte. 
700 1 |a Pessina Longo, Haisa  |0 IT\ICCU\CFIV\087896 
790 1 |a Cvetaeva, Marina  |3 IT\ICCU\CFIV\050424  |z Cvetaeva, Marina Ivanovna 
790 1 |a Longo, Haisa  |3 IT\ICCU\CFIV\188455  |z Pessina Longo, Haisa 
790 1 |a Tsvetaeva, Marina Ivanovna  |3 IT\ICCU\PUVV\346990  |z Cvetaeva, Marina Ivanovna 
830 0 |a Episodi ;  |v 2  |0 IT\ICCU\CFI\0407671 
942 |2 ddc  |c BK  |n 0 
952 |0 0  |1 0  |4 0  |6 L_891_714000000000000_CVE  |7 0  |9 17870  |a BO  |b BO  |d 2026-01-15  |i 5295  |l 0  |o L 891.714 CVE  |p BO5295  |r 2026-01-15 23:19:47  |w 2026-01-15  |x [Sebina 5] [1 v.]  |y BK  |z 1 v. 
952 |0 0  |1 0  |4 0  |6 L_891_714000000000000_CVE  |7 0  |9 17871  |a BO  |b BO  |d 2026-01-15  |i 5318  |l 0  |o L 891.714 CVE  |p BO5318  |r 2026-01-15 23:19:47  |w 2026-01-15  |x [Sebina 5] [1 v.]  |y BK  |z 1 v. 
999 |c 15196  |d 15196